| 000 | 00582nam a22001817a 4500 | ||
|---|---|---|---|
| 003 | CEME | ||
| 005 | 20210628210209.0 | ||
| 008 | 210215b xxu||||| |||| 00| 0 eng d | ||
| 020 | _a81-7049-103-7 | ||
| 040 | _c. | ||
| 082 | _a355.954 SEN | ||
| 100 |
_aSen, Samir.K.Air Vice Marsha _978469 |
||
| 245 | _aMilitary technology and defence industrialisation the indian experienc | ||
| 260 |
_aNEW DELHI _bMANAS PUBLICATIONS _c2000 |
||
| 300 | _a209P | ||
| 650 |
_aMILITARY TECHNOLOGY-INDIAN DEFENCE INDUSTRIALISATION-INDIA INDIA-DEFENCE INDUSTRIALISATION _978470 |
||
| 942 |
_cBK _2ddc |
||
| 999 |
_c583587 _d583587 |
||